| 000 | 01191cam a22003733a 4500 | ||
|---|---|---|---|
| 001 | 17061767 | ||
| 003 | OSt | ||
| 005 | 20140310181623.0 | ||
| 008 | 921014s1985 mau d 000 1 eng d | ||
| 010 | _a 2011675206 | ||
| 020 | _a0553212087 (pbk.) | ||
| 020 | _a9780553212082 (pbk.) | ||
| 035 | _a(OCoLC)ocn442235415 | ||
| 035 | _a(OCoLC)442235415 | ||
| 040 |
_aBPJ _cBPJ _dOCLCQ _dDLC |
||
| 042 | _alccopycat | ||
| 050 | 0 | 0 |
_aPR 6011.O58 _b.F754 1985 |
| 082 |
_aCLA F77h _b1985 |
||
| 100 | 1 |
_aForster, E. M. _q(Edward Morgan), _d1879-1970. _93173 |
|
| 245 | 1 | 0 |
_aHowards End / _cby E.M. Forster with an introduction by Samuel Hynes. |
| 250 | _aBantam Classic editon, pbk. | ||
| 260 |
_aNew York : _bBantam Books, _c1985. |
||
| 300 |
_axiii, 271 p. ; _c18 cm. |
||
| 490 | 0 | _aA Bantam classic | |
| 541 | _j1 | ||
| 541 | _j2 | ||
| 541 | _j3 | ||
| 562 | _eFor collection. 3 copies in the colection | ||
| 650 |
_aInternational Baccalaureate. _9127 |
||
| 710 | 2 |
_aCopyright Paperback Collection (Library of Congress) _5DLC _9705 |
|
| 906 |
_a7 _bcbc _ccopycat _d2 _encip _f20 _gy-genrareb |
||
| 942 |
_2lcc _cBBK _kCLA |
||
| 999 |
_c222 _d222 |
||